| 000 | 01275pam a2200325 a 4500 | ||
|---|---|---|---|
| 001 | 1196442 | ||
| 003 | USPCAS-E | ||
| 005 | 20180118181420.0 | ||
| 008 | 980313s1998 nyua b 001 0 eng | ||
| 010 | _a 98003745 | ||
| 020 | _a0471239739 | ||
| 040 |
_aDLC _cDLC _dDLC |
||
| 050 | 0 | 0 |
_aQC776 _b.W66 1998 |
| 082 | 0 | 0 |
_a539.7 _221 _bWON-I 1998 |
| 100 | 1 |
_aWong, S. S. M. _q(Samuel Shaw Ming), _d1937- |
|
| 245 | 1 | 0 |
_aIntroductory nuclear physics / _cSamuel S.M. Wong. |
| 250 | _a2nd ed. | ||
| 260 |
_aNew York : _bJ. Wiley, _cc1998. |
||
| 300 |
_axii, 460 p. : _bill. ; _c24 cm. |
||
| 500 | _aOriginally published: Englewood Cliffs, N.J. : Prentice Hall, 1989. | ||
| 502 | _a. | ||
| 504 | _aIncludes bibliographical references (p. 435-444) and index. | ||
| 650 | 0 | _aNuclear physics. | |
| 856 | 4 | 2 |
_3Contributor biographical information _uhttp://www.loc.gov/catdir/bios/wiley041/98003745.html |
| 856 | 4 | 2 |
_3Publisher description _uhttp://www.loc.gov/catdir/description/wiley031/98003745.html |
| 856 | 4 |
_3Table of Contents _uhttp://www.loc.gov/catdir/toc/onix01/98003745.html |
|
| 906 |
_a7 _bcbc _corignew _d1 _eocip _f19 _gy-gencatlg |
||
| 942 |
_2ddc _cBK |
||
| 999 |
_c355996 _d355996 |
||